[Event "GBR-ch111 Major Open"]
[Site "Liverpool"]
[Date "2025.08.02"]
[Round "1.21"]
[White "Potter, John M"]
[Black "Walker, Elmira"]
[Result "1-0"]
[WhiteElo "2015"]
[BlackElo "1813"]
[PlyCount "97"]
[EventDate "2025.08.02"]
[EventType "swiss"]
[EventRounds "9"]
[EventCountry "GBR"]
[SourceTitle "BritBase"]
[Source "John Saunders"]
[SourceDate "2025.08.11"]
[SourceVersion "1"]
[SourceVersionDate "2025.08.11"]
[SourceQuality "1"]

1. d4 Nf6 2. Nf3 g6 3. c4 Bg7 4. Nc3 d6 5. Bg5 O-O 6. e3 c5 7. Be2 h6 8. Bh4 Bf5 9. h3 g5 10. Bg3 Na6 11. a3 b6 12. O-O Nc7 13. Rc1 Rc8 14. b4 Nd7 15. Qa4 a6 16. Rfd1 Qe8 17. Nh2 e5 18. dxc5 dxc5 19. e4 Be6 20. Rd6 cxb4 21. axb4 b5 22. cxb5 Nxb5 23. Bxb5 axb5 24. Qxb5 Qe7 25. Qd3 Rfd8 26. Rd1 h5 27. Nf3 f6 28. Na4 Re8 29. h4 g4 30. Ne1 Bf8 31. Kh2 Qf7 32. Rxd7 Bxd7 33. Qxd7 Bxb4 34. Qf5 Rcd8 35. Rxd8 Rxd8 36. Nc2 Bf8 37. Ne3 Rd4 38. Nc3 Bg7 39. Ncd5 Ra4 40. f3 gxf3 41. Qxf3 Kh7 42. Bxe5 Qg6 43. Bxf6 Rxe4 44. Nf5 Bxf6 45. Nxf6+ Qxf6 46. Qxe4 Kg6 47. Ng3+ Kh6 48. Qe3+ Kg6 49. Qe8+ 1-0

[Event "GBR-ch111 Major Open"]
[Site "Liverpool"]
[Date "2025.08.02"]
[Round "1.22"]
[White "Hanlon, Shay"]
[Black "Green, Michael"]
[Result "0-1"]
[WhiteElo "1809"]
[BlackElo "2009"]
[PlyCount "54"]
[EventDate "2025.08.02"]
[EventType "swiss"]
[EventRounds "9"]
[EventCountry "GBR"]
[SourceTitle "BritBase"]
[Source "John Saunders"]
[SourceDate "2025.08.11"]
[SourceVersion "1"]
[SourceVersionDate "2025.08.11"]
[SourceQuality "1"]

1. d4 Nf6 2. c4 c5 3. d5 e6 4. Nc3 exd5 5. cxd5 d6 6. e4 g6 7. f3 Bg7 8. Nge2 a6 9. a4 h5 10. Bg5 b6 11. Qd2 Nbd7 12. Nc1 Qc7 13. Be2 Rb8 14. O-O c4 15. Qd4 b5 16. axb5 axb5 17. Ra7 Qc5 18. Be3 Qxd4 19. Bxd4 Nc5 20. f4 b4 21. e5 Nfd7 22. Nd1 dxe5 23. Bxc5 Nxc5 24. fxe5 Bxe5 25. Rfxf7 Nd7 26. Rf3 Bd4+ 27. Kh1 Bxa7 0-1

[Event "GBR-ch111 Major Open"]
[Site "Liverpool"]
[Date "2025.08.02"]
[Round "1.23"]
[White "Lee, Alexandre KM"]
[Black "Ellson, Louie"]
[Result "1/2-1/2"]
[WhiteElo "2006"]
[BlackElo "1807"]
[PlyCount "116"]
[EventDate "2025.08.02"]
[EventType "swiss"]
[EventRounds "9"]
[EventCountry "GBR"]
[SourceTitle "BritBase"]
[Source "John Saunders"]
[SourceDate "2025.08.11"]
[SourceVersion "1"]
[SourceVersionDate "2025.08.11"]
[SourceQuality "1"]

1. e4 c6 2. d4 d5 3. e5 Bf5 4. h4 h5 5. Bd3 Bxd3 6. Qxd3 Qa5+ 7. Nd2 e6 8. Ngf3 Nh6 9. O-O Nf5 10. Nb3 Qa6 11. Qd1 Nd7 12. Bg5 c5 13. c3 f6 14. Bf4 O-O-O 15. dxc5 Bxc5 16. Nbd4 Nxe5 17. Bxe5 fxe5 18. Nxe5 Rhf8 19. g3 Qb6 20. Nxf5 Rxf5 21. Nd3 Bd6 22. Kg2 e5 23. Qe2 Kb8 24. Rad1 e4 25. Nc1 Rdf8 26. Nb3 Be7 27. Nd4 Re5 28. Rh1 Bc5 29. Rhf1 Bxd4 30. Rxd4 Rf3 31. Qd1 Ref5 32. Rxd5 Rxf2+ 33. Rxf2 Rxf2+ 34. Kh1 Rf8 35. Rd7 Ka8 36. Qd4 Qf6 37. Qxf6 gxf6 38. Kg2 Kb8 39. Kf2 Re8 40. Ke3 Kc8 41. Rd5 Rg8 42. Kxe4 Rxg3 43. Rxh5 Rg2 44. Rh8+ Kc7 45. Rh7+ Kc6 46. b4 Rxa2 47. h5 b6 48. Rf7 Rh2 49. Rxf6+ Kb5 50. h6 a5 51. bxa5 bxa5 52. Kf5 a4 53. Kg6 a3 54. Rf5+ Ka4 55. Rf7 Kb3 56. Ra7 a2 57. h7 Rg2+ 58. Kf7 Rh2 1/2-1/2

[Event "GBR-ch111 Major Open"]
[Site "Liverpool"]
[Date "2025.08.02"]
[Round "1.24"]
[White "Mittal, Advik"]
[Black "Quaite, Toby"]
[Result "0-1"]
[WhiteElo "1806"]
[BlackElo "1988"]
[PlyCount "74"]
[EventDate "2025.08.02"]
[EventType "swiss"]
[EventRounds "9"]
[EventCountry "GBR"]
[SourceTitle "BritBase"]
[Source "John Saunders"]
[SourceDate "2025.08.11"]
[SourceVersion "1"]
[SourceVersionDate "2025.08.11"]
[SourceQuality "1"]

1. d4 Nf6 2. Bf4 c5 3. d5 b5 4. c4 g6 5. Qc2 Bg7 6. Nd2 O-O 7. e4 b4 8. Ngf3 d6 9. Bd3 a5 10. O-O a4 11. a3 b3 12. Qc1 Nbd7 13. Re1 Ng4 14. Nf1 Nge5 15. Nxe5 Nxe5 16. Bxe5 Bxe5 17. f4 Bd4+ 18. Kh1 e6 19. Rb1 exd5 20. cxd5 Qh4 21. g3 Bg4 22. Be2 Bxe2 23. Rxe2 Qg4 24. Rg2 Rfe8 25. Nd2 f5 26. exf5 Qxf5 27. Qf1 Qxd5 28. Qc4 Qxc4 29. Nxc4 Re6 30. h3 d5 31. Nd2 Re3 32. Kh2 Rae8 33. h4 Re2 34. Nf3 Rxg2+ 35. Kxg2 Re2+ 36. Kh3 Bxb2 37. Ng5 Bxa3 0-1

[Event "GBR-ch111 Major Open"]
[Site "Liverpool"]
[Date "2025.08.02"]
[Round "1.25"]
[White "Vashisht-Pigem, Raman"]
[Black "Sieczkowski, Adam"]
[Result "1/2-1/2"]
[WhiteElo "1981"]
[BlackElo "1806"]
[PlyCount "128"]
[EventDate "2025.08.02"]
[EventType "swiss"]
[EventRounds "9"]
[EventCountry "GBR"]
[SourceTitle "BritBase"]
[Source "John Saunders"]
[SourceDate "2025.08.11"]
[SourceVersion "1"]
[SourceVersionDate "2025.08.11"]
[SourceQuality "1"]

1. e4 c5 2. Nf3 a6 3. c4 Nc6 4. d4 cxd4 5. Nxd4 Nf6 6. Nc3 d6 7. Be2 g6 8. Be3 Bg7 9. O-O O-O 10. Rc1 Ng4 11. Bxg4 Bxg4 12. Qxg4 Bxd4 13. Bxd4 Nxd4 14. Rfd1 e5 15. Rd2 Qa5 16. Qd1 b5 17. Nd5 bxc4 18. Rxd4 exd4 19. Qxd4 h5 20. Nf6+ Kh8 21. Nd7+ Kg8 22. Nxf8 Rxf8 23. Qxc4 Rb8 24. Rb1 Rb4 25. Qd5 Rb5 26. Qxd6 Qxa2 27. Qd3 Rb3 28. Qf1 a5 29. Ra1 Qxb2 30. Rxa5 Qc2 31. Ra1 Qxe4 32. h3 Rb2 33. Qe1 Re2 34. Qc3 Kh7 35. Qf6 Re1+ 36. Rxe1 Qxe1+ 37. Kh2 Kg8 38. Kg3 Qe4 39. Qf4 Qd3+ 40. Kh2 Qc3 41. Qg3 Qd4 42. Qf3 Kg7 43. g3 g5 44. Kg2 g4 45. hxg4 hxg4 46. Qf4 Qxf4 47. gxf4 Kg6 48. f3 Kf5 49. Kg3 gxf3 50. Kxf3 Kf6 51. Ke4 Ke6 52. Kd4 Kd6 53. Ke4 Ke6 54. Kf3 Kf5 55. Kg3 Ke4 56. Kg4 f6 57. Kg3 f5 58. Kg2 Kxf4 59. Kf2 Ke4 60. Ke2 f4 61. Kf2 f3 62. Kf1 Ke3 63. Ke1 f2+ 64. Kf1 Kf3 1/2-1/2

[Event "GBR-ch111 Major Open"]
[Site "Liverpool"]
[Date "2025.08.02"]
[Round "1.26"]
[White "Keen, Maya"]
[Black "Gadzhiev, Farid"]
[Result "0-1"]
[WhiteElo "1805"]
[BlackElo "1978"]
[PlyCount "88"]
[EventDate "2025.08.02"]
[EventType "swiss"]
[EventRounds "9"]
[EventCountry "GBR"]
[SourceTitle "BritBase"]
[Source "John Saunders"]
[SourceDate "2025.08.11"]
[SourceVersion "1"]
[SourceVersionDate "2025.08.11"]
[SourceQuality "1"]

1. d4 Nf6 2. Nf3 g6 3. g3 Bg7 4. Bg2 d5 5. h3 O-O 6. O-O a5 7. c4 c6 8. Nc3 dxc4 9. Qc2 Nd5 10. a3 b5 11. Rd1 Qb6 12. e4 Nxc3 13. bxc3 Nd7 14. a4 Ba6 15. Bf1 e5 16. axb5 cxb5 17. d5 f5 18. Be3 Qc7 19. Ng5 Rf6 20. Ne6 Qd6 21. Bg5 Rf7 22. Bg2 f4 23. gxf4 exf4 24. Nxg7 Kxg7 25. f3 Bc8 26. Qf2 Ne5 27. Qd4 h6 28. Bh4 Kh7 29. Bf2 Bxh3 30. Qc5 Qxc5 31. Bxc5 Bd7 32. Ra3 g5 33. Bb6 a4 34. Bd4 Re8 35. Rd2 Kg6 36. Kh2 h5 37. Bxe5 Rxe5 38. Bf1 g4 39. Be2 Kg5 40. Ra1 Rf6 41. Rg1 g3+ 42. Kg2 h4 43. Rh1 h3+ 44. Kg1 Rh6 0-1

[Event "GBR-ch111 Major Open"]
[Site "Liverpool"]
[Date "2025.08.02"]
[Round "1.27"]
[White "Pick, Freddie"]
[Black "Mortazavi, Sami"]
[Result "1/2-1/2"]
[WhiteElo "1978"]
[BlackElo "1805"]
[PlyCount "60"]
[EventDate "2025.08.02"]
[EventType "swiss"]
[EventRounds "9"]
[EventCountry "GBR"]
[SourceTitle "BritBase"]
[Source "John Saunders"]
[SourceDate "2025.08.11"]
[SourceVersion "1"]
[SourceVersionDate "2025.08.11"]
[SourceQuality "1"]

1. e4 c5 2. Nf3 Nf6 3. Nc3 d5 4. exd5 Nxd5 5. Bc4 Nb6 6. Bb5+ Bd7 7. d4 cxd4 8. Qxd4 Nc6 9. Qf4 Qb8 10. Qh4 e6 11. O-O Be7 12. Qh5 O-O 13. Rd1 f6 14. Be3 Qe8 15. Qh4 Rd8 16. a4 Ne5 17. Nxe5 fxe5 18. Qg4 Rf6 19. Qg3 Bxb5 20. Bxb6 Rxd1+ 21. Rxd1 Bc6 22. Bxa7 Rg6 23. Qxe5 Bxg2 24. Rd3 Qc6 25. Qb8+ Kf7 26. Qf4+ Kg8 27. Bb8 Bf3+ 28. Kf1 Bg4 29. Qe4 Bf5 30. Qxc6 Bxd3+ 1/2-1/2

[Event "GBR-ch111 Major Open"]
[Site "Liverpool"]
[Date "2025.08.02"]
[Round "1.28"]
[White "Islam, Mohammed"]
[Black "Owen, Dennis"]
[Result "1/2-1/2"]
[WhiteElo "1803"]
[BlackElo "1974"]
[PlyCount "121"]
[EventDate "2025.08.02"]
[EventType "swiss"]
[EventRounds "9"]
[EventCountry "GBR"]
[SourceTitle "BritBase"]
[Source "John Saunders"]
[SourceDate "2025.08.11"]
[SourceVersion "1"]
[SourceVersionDate "2025.08.11"]
[SourceQuality "1"]

1. d4 d5 2. Nf3 Nf6 3. Bf4 e6 4. Nbd2 Bd6 5. Bg3 Bxg3 6. hxg3 Nbd7 7. e3 Qe7 8. c3 e5 9. dxe5 Nxe5 10. Nxe5 Qxe5 11. Nf3 Qe7 12. Bd3 Bd7 13. Qc2 h6 14. O-O-O O-O-O 15. Rhe1 Rhe8 16. Nd4 Ne4 17. Kb1 Nd6 18. Nf5 Nxf5 19. Bxf5 Bxf5 20. Qd3 Be4 21. Qxe4 Qe6 22. Qxe6+ Rxe6 23. Kc2 c6 24. Rd4 h5 25. Red1 Rde8 26. c4 dxc4 27. Rxc4 f5 28. Rcd4 R8e7 29. Rd8+ Kc7 30. Rh8 g6 31. Rdd8 Rd7 32. Rxd7+ Kxd7 33. Rb8 Kc7 34. Rg8 c5 35. Rg7+ Kc6 36. Kd3 a6 37. a4 b5 38. axb5+ axb5 39. b3 Kb6 40. Rd7 Ka5 41. Kc3 Rc6 42. Rd8 Kb6 43. Rb8+ Ka6 44. Rd8 c4 45. b4 Kb7 46. Rd7+ Rc7 47. Rd5 Kc6 48. Rc5+ Kb6 49. Rd5 Ra7 50. Rd6+ Kc7 51. Rxg6 Ra3+ 52. Kb2 Rb3+ 53. Kc2 Rxb4 54. Rf6 Rb3 55. Rxf5 Kc6 56. Rxh5 b4 57. Rh6+ Kc5 58. Rh5+ Kc6 59. Rh6+ Kc5 60. Rh5+ Kd6 61. Rh6+ 1/2-1/2

[Event "GBR-ch111 Major Open"]
[Site "Liverpool"]
[Date "2025.08.02"]
[Round "1.29"]
[White "Terler, Bohdan"]
[Black "Parikh, Naavya"]
[Result "1-0"]
[WhiteElo "1974"]
[BlackElo "1800"]
[PlyCount "53"]
[EventDate "2025.08.02"]
[EventType "swiss"]
[EventRounds "9"]
[EventCountry "GBR"]
[SourceTitle "BritBase"]
[Source "John Saunders"]
[SourceDate "2025.08.11"]
[SourceVersion "1"]
[SourceVersionDate "2025.08.11"]
[SourceQuality "1"]

1. e4 e5 2. Nf3 Nc6 3. Nc3 Nf6 4. d4 exd4 5. Nxd4 Bb4 6. Nxc6 bxc6 7. Bd3 O-O 8. O-O Bxc3 9. bxc3 d5 10. e5 Nd7 11. Ba3 Re8 12. f4 g6 13. Qf3 f6 14. e6 Rxe6 15. f5 Re5 16. fxg6 hxg6 17. Bxg6 Rg5 18. Bd3 Kf7 19. h4 Ne5 20. Qf4 Rh5 21. Be2 Rf5 22. Qh6 Rxf1+ 23. Rxf1 f5 24. Qh7+ Kf6 25. Bh5 Nc4 26. Qh6+ Ke5 27. Re1+ 1-0

[Event "GBR-ch111 Major Open"]
[Site "Liverpool"]
[Date "2025.08.02"]
[Round "1.30"]
[White "Ding, Yicheng"]
[Black "Vaddhireddy, Sai"]
[Result "0-1"]
[WhiteElo "1793"]
[BlackElo "1972"]
[PlyCount "110"]
[EventDate "2025.08.02"]
[EventType "swiss"]
[EventRounds "9"]
[EventCountry "GBR"]
[SourceTitle "BritBase"]
[Source "John Saunders"]
[SourceDate "2025.08.11"]
[SourceVersion "1"]
[SourceVersionDate "2025.08.11"]
[SourceQuality "1"]

1. d4 d5 2. c4 c6 3. cxd5 cxd5 4. Bf4 Nc6 5. e3 Nf6 6. Nc3 a6 7. Bd3 Bg4 8. Nge2 e6 9. O-O Bd6 10. Bxd6 Qxd6 11. Rc1 O-O 12. Na4 Rac8 13. a3 Nd7 14. h3 Bh5 15. b4 Rfd8 16. Nc5 Nxc5 17. Rxc5 b6 18. Rc3 a5 19. b5 Ne7 20. Qc2 Bg6 21. Rc1 Qd7 22. Bxg6 hxg6 23. a4 Rxc3 24. Qxc3 Rc8 25. Qb2 Nf5 26. Rxc8+ Qxc8 27. Qc3 Qd8 28. Nf4 Nd6 29. Nd3 Qc8 30. Qxc8+ Nxc8 31. Kf1 g5 32. Ke2 f6 33. f3 Nd6 34. Nb2 Kf7 35. Kd3 Nf5 36. g4 Nh4 37. Ke2 e5 38. Nd3 Ng6 39. Kf2 Ke6 40. Ke2 Kd6 41. Kf2 Nf8 42. Kg3 exd4 43. exd4 Ne6 44. f4 Nxd4 45. f5 Ne2+ 46. Kf3 Nc3 47. Nb2 Kc5 48. Ke3 Kb4 49. Kd4 Nxa4 50. Nd3+ Kxb5 51. Kxd5 Nc3+ 52. Ke6 a4 53. Kf7 a3 54. Nc1 Kc4 55. Kxg7 Ne4 0-1

[Event "GBR-ch111 Major Open"]
[Site "Liverpool"]
[Date "2025.08.02"]
[Round "1.31"]
[White "Welling, Zac"]
[Black "Eldridge, Albert"]
[Result "1-0"]
[WhiteElo "1970"]
[BlackElo "1792"]
[PlyCount "77"]
[EventDate "2025.08.02"]
[EventType "swiss"]
[EventRounds "9"]
[EventCountry "GBR"]
[SourceTitle "BritBase"]
[Source "John Saunders"]
[SourceDate "2025.08.11"]
[SourceVersion "1"]
[SourceVersionDate "2025.08.11"]
[SourceQuality "1"]

1. e4 c5 2. Nc3 Nc6 3. Bb5 Qc7 4. Nf3 a6 5. Bxc6 dxc6 6. O-O Bg4 7. d3 e5 8. Be3 Nf6 9. h3 Bh5 10. a4 a5 11. Nb1 Be7 12. Na3 O-O 13. Nc4 Nd7 14. Qe2 Rfb8 15. Rfd1 Bxf3 16. Qxf3 b5 17. Na3 c4 18. dxc4 Bxa3 19. Rxa3 bxa4 20. Qf5 Nf8 21. Bc5 g6 22. Qf6 Rxb2 23. Bd6 Qd8 24. Qxe5 Rb7 25. Rxa4 Nd7 26. Qa1 Qb6 27. Bf4 Nc5 28. Bh6 f5 29. Be3 f4 30. Bd4 Rd7 31. Ra3 Qb4 32. c3 Qxc4 33. Rxa5 Rad8 34. Rxc5 Qxc5 35. Qa2+ Rf7 36. Bxc5 Rxd1+ 37. Kh2 Kg7 38. Bd4+ Kh6 39. Qxf7 1-0

[Event "GBR-ch111 Major Open"]
[Site "Liverpool"]
[Date "2025.08.02"]
[Round "1.32"]
[White "Sahoo, Shivam"]
[Black "Skettos, Nicolas"]
[Result "0-1"]
[WhiteElo "1791"]
[BlackElo "1968"]
[PlyCount "172"]
[EventDate "2025.08.02"]
[EventType "swiss"]
[EventRounds "9"]
[EventCountry "GBR"]
[SourceTitle "BritBase"]
[Source "John Saunders"]
[SourceDate "2025.08.11"]
[SourceVersion "1"]
[SourceVersionDate "2025.08.11"]
[SourceQuality "1"]

1. d4 d5 2. c4 dxc4 3. Nf3 a6 4. e3 Bg4 5. h3 Bh5 6. Bxc4 Nf6 7. O-O e6 8. Nc3 Nbd7 9. Be2 c5 10. a3 Bd6 11. b3 O-O 12. Bb2 Qe7 13. Nd2 cxd4 14. exd4 Bxe2 15. Qxe2 Nb6 16. Nde4 Nbd5 17. Nxf6+ Nxf6 18. Ne4 Nd5 19. g3 Rac8 20. Nxd6 Qxd6 21. Rac1 h6 22. Rxc8 Rxc8 23. Qd2 Ne7 24. Rc1 Nc6 25. Qc3 Ne7 26. Qd2 Rd8 27. Qc3 Nf5 28. Qc7 b5 29. Qxd6 Rxd6 30. Kg2 Nxd4 31. Bxd4 Rxd4 32. Rc3 Rd6 33. Kf3 Kf8 34. Ke4 Ke7 35. f4 f5+ 36. Ke3 Kd7 37. g4 fxg4 38. hxg4 Rd1 39. b4 Rg1 40. Kf3 Rh1 41. Kg2 Rd1 42. Kf2 Rd2+ 43. Ke3 Rh2 44. Ke4 Re2+ 45. Kf3 Rh2 46. Kg3 Ra2 47. Kf3 g6 48. Kg3 Kd6 49. Rd3+ Kc6 50. Kf3 h5 51. Kg3 hxg4 52. Kxg4 Rg2+ 53. Kf3 Rg1 54. Ke4 g5 55. fxg5 Rxg5 56. Rf3 Rg1 57. Kd3 Kd5 58. Kc3 e5 59. Rf6 Rc1+ 60. Kd3 Rc6 61. Rf5 Rh6 62. Kc3 Ke4 63. Rf8 Rd6 64. Re8 Kf4 65. Rf8+ Ke3 66. Re8 Rc6+ 67. Kb3 e4 68. a4 bxa4+ 69. Kxa4 Kd3 70. b5 axb5+ 71. Kxb5 Rc1 72. Rd8+ Ke2 73. Kb4 e3 74. Kb3 Kf2 75. Rf8+ Ke1 76. Kb2 Rc7 77. Rd8 e2 78. Rf8 Rc5 79. Rf7 Kd2 80. Rd7+ Ke3 81. Re7+ Kf3 82. Kb3 Rc1 83. Rf7+ Kg4 84. Rg7+ Kh5 85. Rh7+ Kg6 86. Re7 e1=Q 0-1

[Event "GBR-ch111 Major Open"]
[Site "Liverpool"]
[Date "2025.08.02"]
[Round "1.33"]
[White "Freeman, Luke"]
[Black "Nitish, Brunth Sundar"]
[Result "0-1"]
[WhiteElo "1963"]
[BlackElo "1782"]
[PlyCount "76"]
[EventDate "2025.08.02"]
[EventType "swiss"]
[EventRounds "9"]
[EventCountry "GBR"]
[SourceTitle "BritBase"]
[Source "John Saunders"]
[SourceDate "2025.08.11"]
[SourceVersion "1"]
[SourceVersionDate "2025.08.11"]
[SourceQuality "1"]

1. e4 c6 2. d4 d5 3. e5 c5 4. dxc5 Nc6 5. Bb5 e6 6. Be3 Qa5+ 7. Nc3 Nge7 8. Nf3 Nf5 9. Bd4 Bd7 10. Bxc6 Bxc6 11. O-O Nxd4 12. Nxd4 Be7 13. Nb3 Qc7 14. Qe2 O-O 15. a4 b6 16. cxb6 Qxb6 17. a5 Qc7 18. Nd4 Rab8 19. Qa6 Bb7 20. Qe2 Ba8 21. Ncb5 Qc5 22. a6 Bc6 23. Nxc6 Qxc6 24. Nd4 Qb6 25. Nb3 Rfc8 26. Rfb1 Rc4 27. Na5 Re4 28. Qf3 Rxe5 29. Qb3 Re2 30. Qxb6 Rxb6 31. b4 Bxb4 32. Nb7 Rxc2 33. Kf1 g5 34. Ra4 Bc5 35. Rxb6 Bxb6 36. Nd6 Rxf2+ 37. Ke1 Rxg2 38. Rb4 Ba5 0-1

[Event "GBR-ch111 Major Open"]
[Site "Liverpool"]
[Date "2025.08.02"]
[Round "1.34"]
[White "Woozeer, Seth"]
[Black "Mokhber-Garcia, Sebastian"]
[Result "1/2-1/2"]
[WhiteElo "1780"]
[BlackElo "1962"]
[PlyCount "57"]
[EventDate "2025.08.02"]
[EventType "swiss"]
[EventRounds "9"]
[EventCountry "GBR"]
[SourceTitle "BritBase"]
[Source "John Saunders"]
[SourceDate "2025.08.11"]
[SourceVersion "1"]
[SourceVersionDate "2025.08.11"]
[SourceQuality "1"]

1. e4 e5 2. Nf3 Nc6 3. Bb5 a6 4. Ba4 Nf6 5. d3 b5 6. Bb3 d6 7. c3 Na5 8. Bc2 c5 9. d4 Qc7 10. d5 g6 11. O-O h5 12. Bg5 Nh7 13. Bc1 Be7 14. a4 Rb8 15. axb5 axb5 16. Na3 Bd7 17. c4 bxc4 18. Nd2 Rb4 19. Qe2 O-O 20. Ndxc4 Nxc4 21. Nxc4 Rfb8 22. Bd2 Rxc4 23. Qxc4 Bb5 24. Qa2 Bxf1 25. Kxf1 Bg5 26. Bc3 Nf8 27. Qa7 Rb7 28. Qa5 Qxa5 29. Rxa5 1/2-1/2

[Event "GBR-ch111 Major Open"]
[Site "Liverpool"]
[Date "2025.08.02"]
[Round "1.35"]
[White "Brown, Tom"]
[Black "Whittington, Reece W"]
[Result "1-0"]
[WhiteElo "1961"]
[BlackElo "1778"]
[PlyCount "53"]
[EventDate "2025.08.02"]
[EventType "swiss"]
[EventRounds "9"]
[EventCountry "GBR"]
[SourceTitle "BritBase"]
[Source "John Saunders"]
[SourceDate "2025.08.11"]
[SourceVersion "1"]
[SourceVersionDate "2025.08.11"]
[SourceQuality "1"]

1. d4 Nf6 2. Nf3 e6 3. c4 b6 4. a3 Bb7 5. Nc3 d5 6. cxd5 Nxd5 7. Qc2 Nxc3 8. bxc3 Nd7 9. e4 c5 10. Bd3 Rc8 11. Qe2 Qc7 12. O-O c4 13. Bc2 b5 14. Bg5 h6 15. Bh4 Nf6 16. Bg3 Qa5 17. d5 Bxa3 18. Bd6 b4 19. Bxb4 Bxb4 20. Rxa5 Bxa5 21. Ba4+ Kf8 22. Qb2 Bb6 23. Qb4+ Kg8 24. dxe6 Bxe4 25. exf7+ Kxf7 26. Bb5 Bd3 27. Ne5+ 1-0

[Event "GBR-ch111 Major Open"]
[Site "Liverpool"]
[Date "2025.08.02"]
[Round "1.36"]
[White "Storey, Cameron"]
[Black "Buckland, Louis"]
[Result "0-1"]
[WhiteElo "1774"]
[BlackElo "1961"]
[PlyCount "54"]
[EventDate "2025.08.02"]
[EventType "swiss"]
[EventRounds "9"]
[EventCountry "GBR"]
[SourceTitle "BritBase"]
[Source "John Saunders"]
[SourceDate "2025.08.11"]
[SourceVersion "1"]
[SourceVersionDate "2025.08.11"]
[SourceQuality "1"]

1. e4 c6 2. d4 d5 3. e5 c5 4. dxc5 Nc6 5. f4 Nh6 6. c3 e6 7. Be3 g5 8. Nf3 Nf5 9. Bf2 gxf4 10. Na3 Ne3 11. Bxe3 fxe3 12. b4 a5 13. Nc2 axb4 14. cxb4 b6 15. b5 Nxe5 16. Nxe5 Qf6 17. Nf3 Qc3+ 18. Ke2 Bxc5 19. Qd3 Qb2 20. a4 e5 21. Kd1 Bg4 22. h3 e4 23. Qe2 exf3 24. gxf3 Bf5 25. Rc1 Rxa4 26. Nxe3 Qd4+ 27. Qd2 Qxe3 0-1

[Event "GBR-ch111 Major Open"]
[Site "Liverpool"]
[Date "2025.08.02"]
[Round "1.37"]
[White "Joseph, Patrick"]
[Black "Chantrell, Paul"]
[Result "1-0"]
[WhiteElo "1959"]
[BlackElo "1768"]
[PlyCount "71"]
[EventDate "2025.08.02"]
[EventType "swiss"]
[EventRounds "9"]
[EventCountry "GBR"]
[SourceTitle "BritBase"]
[Source "John Saunders"]
[SourceDate "2025.08.11"]
[SourceVersion "1"]
[SourceVersionDate "2025.08.11"]
[SourceQuality "1"]

1. e4 e5 2. Nf3 Nc6 3. Bc4 Bc5 4. c3 Nf6 5. d3 a6 6. a4 Ba7 7. O-O d6 8. Bb3 O-O 9. a5 h6 10. Be3 Be6 11. Bxe6 fxe6 12. Bxa7 Rxa7 13. Qb3 d5 14. Nbd2 Qd7 15. Rfe1 Re8 16. Ra4 Raa8 17. Qc2 Qf7 18. d4 Nd7 19. dxe5 Ncxe5 20. Nxe5 Nxe5 21. Rb4 Rab8 22. Nb3 b6 23. axb6 Rxb6 24. Rxb6 cxb6 25. Nd4 Qd7 26. Ra1 a5 27. Rd1 Nc6 28. Nf3 Qf7 29. Qa4 Rc8 30. exd5 exd5 31. Qb5 Qd7 32. Rxd5 Qe6 33. Qd3 Re8 34. Rd6 Qc8 35. Qc4+ Kh8 36. Qxc6 1-0

[Event "GBR-ch111 Major Open"]
[Site "Liverpool"]
[Date "2025.08.02"]
[Round "1.38"]
[White "Pyun, Lindsay"]
[Black "Schell, Finn"]
[Result "1/2-1/2"]
[WhiteElo "1762"]
[BlackElo "1956"]
[PlyCount "53"]
[EventDate "2025.08.02"]
[EventType "swiss"]
[EventRounds "9"]
[EventCountry "GBR"]
[SourceTitle "BritBase"]
[Source "John Saunders"]
[SourceDate "2025.08.11"]
[SourceVersion "1"]
[SourceVersionDate "2025.08.11"]
[SourceQuality "1"]

1. e4 c6 2. Nf3 d5 3. Nc3 dxe4 4. Nxe4 Nf6 5. Nxf6+ exf6 6. Bc4 Bd6 7. Qe2+ Qe7 8. Qxe7+ Bxe7 9. O-O Be6 10. d3 Nd7 11. Re1 Bxc4 12. dxc4 Nc5 13. Bf4 Ne6 14. Be3 O-O 15. Rad1 Rfd8 16. Nd4 Kf8 17. f3 Nxd4 18. Rxd4 Rxd4 19. Bxd4 a5 20. a4 Rd8 21. Be3 h5 22. Kf2 c5 23. Ke2 g5 24. Rd1 Rxd1 25. Kxd1 Bd6 26. h3 Ke7 27. Ke2 1/2-1/2

[Event "GBR-ch111 Major Open"]
[Site "Liverpool"]
[Date "2025.08.02"]
[Round "1.39"]
[White "Davis, Colin J"]
[Black "Taylor, Matthew"]
[Result "1-0"]
[WhiteElo "1955"]
[BlackElo "1762"]
[PlyCount "39"]
[EventDate "2025.08.02"]
[EventType "swiss"]
[EventRounds "9"]
[EventCountry "GBR"]
[SourceTitle "BritBase"]
[Source "John Saunders"]
[SourceDate "2025.08.11"]
[SourceVersion "1"]
[SourceVersionDate "2025.08.11"]
[SourceQuality "1"]

1. Nf3 d5 2. g3 Nf6 3. Bg2 g6 4. O-O Bg7 5. d3 O-O 6. Nbd2 c5 7. e4 e6 8. Re1 Nc6 9. c3 Qb6 10. Nf1 d4 11. cxd4 cxd4 12. e5 Nd7 13. Bf4 Qxb2 14. N1d2 Qb5 15. Nc4 g5 16. Nxg5 Ncxe5 17. Nxe5 Bxe5 18. Rxe5 Nxe5 19. Qh5 Nf3+ 20. Bxf3 1-0

[Event "GBR-ch111 Major Open"]
[Site "Liverpool"]
[Date "2025.08.02"]
[Round "1.40"]
[White "Shankar, Yashwardhan"]
[Black "Ashworth, Robert M"]
[Result "1-0"]
[WhiteElo "1761"]
[BlackElo "1951"]
[PlyCount "148"]
[EventDate "2025.08.02"]
[EventType "swiss"]
[EventRounds "9"]
[EventCountry "GBR"]
[SourceTitle "BritBase"]
[Source "John Saunders"]
[SourceDate "2025.08.11"]
[SourceVersion "1"]
[SourceVersionDate "2025.08.11"]
[SourceQuality "1"]

1. d4 d5 2. Bf4 Nf6 3. e3 c5 4. c3 Nc6 5. Nd2 Qb6 6. Qc2 g6 7. dxc5 Qxc5 8. Ngf3 Bg7 9. Bd3 O-O 10. e4 dxe4 11. Nxe4 Nxe4 12. Bxe4 e5 13. Be3 Qe7 14. O-O Be6 15. Rfe1 Rfe8 16. Ng5 f5 17. Nxe6 Qxe6 18. Bxc6 Qxc6 19. f3 Kh8 20. Rad1 e4 21. Qf2 b6 22. Bd4 Bxd4 23. Qxd4+ Kg8 24. fxe4 Rxe4 25. Rxe4 fxe4 26. Qd5+ Qxd5 27. Rxd5 Re8 28. Kf2 Rf8+ 29. Ke2 Rf7 30. Re5 Rf4 31. Re7 a5 32. Re6 b5 33. Re5 Rf5 34. Rxe4 Kf7 35. g4 Rd5 36. c4 bxc4 37. Rxc4 h5 38. h3 Kf6 39. b4 axb4 40. Rxb4 hxg4 41. hxg4 Ke6 42. a4 Kd6 43. Ke3 Ra5 44. Kd3 Ke6 45. Kc4 Rg5 46. Kb3 Kd6 47. Rf4 Kc5 48. Rc4+ Kb6 49. Kc3 Ka5 50. Kd3 Re5 51. Re4 Rc5 52. Kd4 Rc6 53. Ke5 Kb6 54. Kf4 Kc7 55. Kg5 Kd7 56. Rf4 Ke7 57. Kh6 Ra6 58. g5 Ke8 59. Kg7 Ke7 60. Rf7+ Ke8 61. Rb7 Rxa4 62. Kxg6 Ra1 63. Kg7 Rg1 64. g6 Rg2 65. Rb6 Ke7 66. Kg8 Rg1 67. g7 Rg2 68. Rb4 Rh2 69. Re4+ Kd7 70. Kf7 Rf2+ 71. Kg6 Rg2+ 72. Kf6 Rg1 73. Re5 Kd6 74. Rg5 Rf1+ 1-0